00875cam a22002291 4500001001300000003000400013005001700017008004100034010001700075035002000092040001900112042001200131050001600143060001800159100003300177245013800210260007400348300001300422500006900435504012400504999001700628ca 34000850 DLC20260227111132.0810725m19339999xx a 000 0 eng  aca 34000850  a(OCoLC)14738080 aDLCcDNLMdDLC apremarc00aRA776b.H270 aQT 180bH268n1 aHardy, Albert Victor,d1897-10aNotes and references on personal and community hygienebfor courses 101, 102, and hygiene for nurses,cprepared by A. V. Hardy, M. D. aIowa City, Ia.,bPrinted by University multigraph department,cc1933- av.bill. aAt head of title: Department of hygiene and preventive medicine. a"Collateral readings": v. 1, numb. leaves 79-86; "Topics and references for written reports": v. 1, numb. leaves 86-87. c17382d17382